Từ điển hóa học = Dictionary of chemistry (illustrations explanation)

Sách cung cấp các thông tin mới nhất về lĩnh vực hóa học, hướng dẫn phát âm tiếng Anh đầy đủ theo lối phiên âm thông dụng trên thê giới hiện nay, cùng nhiều hình minh họa giải thích đi kèm

Kaydedildi:
Detaylı Bibliyografya
Yazar: Tạ, Hùng
Materyal Türü: Kitap
Dil:Undetermined
Baskı/Yayın Bilgisi: Đồng Nai Nxb. Đồng Nai 1996
Konular:
Etiketler: Etiketle
Etiket eklenmemiş, İlk siz ekleyin!
Thư viện lưu trữ: Trung tâm Học liệu Trường Đại học Cần Thơ
LEADER 00886nam a2200217Ia 4500
001 CTU_16869
008 210402s9999 xx 000 0 und d
082 |a 540.3 
082 |b H513 
100 |a Tạ, Hùng 
245 0 |a Từ điển hóa học 
245 0 |b = Dictionary of chemistry (illustrations explanation) 
245 0 |c Tạ Hùng, Bích Thủy 
260 |a Đồng Nai 
260 |b Nxb. Đồng Nai 
260 |c 1996 
520 |a Sách cung cấp các thông tin mới nhất về lĩnh vực hóa học, hướng dẫn phát âm tiếng Anh đầy đủ theo lối phiên âm thông dụng trên thê giới hiện nay, cùng nhiều hình minh họa giải thích đi kèm 
650 |a Chemistry 
650 |x terminology 
904 |i Huỳnh Mai 
980 |a Trung tâm Học liệu Trường Đại học Cần Thơ